书目信息 |
| 题名: |
世界经典芭蕾舞剧欣赏
|
|
| 作者: | 钱世锦 编著 | |
| 分册: | ||
| 出版信息: | 上海 上海音乐出版社 2002 |
|
| 页数: | 315页 | |
| 开本: | 21cm | |
| 丛书名: | ||
| 单 册: | ||
| 中图分类: | J733.4 | |
| 科图分类: | ||
| 主题词: | 芭蕾舞剧--艺术评论--世界 , 芭蕾舞剧 , 艺术评论 | |
| 电子资源: | ||
| ISBN: | 7-80667-177-3 | |
| 000 | 00794nam0 2200241 450 | |
| 001 | 1232328639 | |
| 005 | 20121019085950.01 | |
| 010 | @a7-80667-177-3@dCNY20.00 | |
| 100 | @a20020709d2002 em y0chiy0110 ea | |
| 101 | 0 | @achi |
| 102 | @aCN@b310000 | |
| 105 | @aa z 000yy | |
| 200 | 1 | @a世界经典芭蕾舞剧欣赏@Ashi jie jing dian ba lei wu ju xin shang@f钱世锦编著 |
| 210 | @a上海@c上海音乐出版社@d2002 | |
| 215 | @a315页@c照片@d21cm | |
| 330 | @a本书选收了《关不住的女儿》、《仙女》、《天鹅湖》、《吉赛尔》、《睡美人》、《仙女们》、《火鸟》、《罗米欧与朱丽叶》等经典芭蕾舞剧。 | |
| 606 | 0 | @a芭蕾舞剧@x艺术评论@y世界 |
| 606 | 0 | @a芭蕾舞剧 |
| 606 | 0 | @a艺术评论 |
| 690 | @aJ733.4@v4 | |
| 701 | 0 | @a钱世锦@Aqian shi jin@4编著 |
| 801 | 0 | @aCN@bNLC@c20101222 |
| 905 | @a10447@dJ733.4@eJY29 | |
| 世界经典芭蕾舞剧欣赏/钱世锦编著.-上海:上海音乐出版社,2002 |
| 315页:照片;21cm |
| ISBN 7-80667-177-3:CNY20.00 |
| 本书选收了《关不住的女儿》、《仙女》、《天鹅湖》、《吉赛尔》、《睡美人》、《仙女们》、《火鸟》、《罗米欧与朱丽叶》等经典芭蕾舞剧。 |
| ● |
| 相关链接 |
|
|
|
|
正题名:世界经典芭蕾舞剧欣赏
索取号:J733.4/JY29
 
预约/预借
| 序号 | 登录号 | 条形码 | 馆藏地/架位号 | 状态 | 备注 |
| 1 | 7833970 | 278339709 | 学院路分馆/ [索取号:J733.4/JY29] | 在馆 |